banner koha

Producao de pastagens em solos acidos dos tropicos (Registro n. 46825)

MARC details
000 -LÍDER
campo de controle de tamanho fixo 00969nam a22003377a 4500
001 - NÚMERO DE CONTROLE
campo de controle BR9210889
003 - IDENTIFICADOR DO NÚMERO DE CONTROLE
campo de controle BR-BrBNA
005 - DATA E HORÁRIO DA ÚLTIMA TRANSAÇÃO
campo de controle 20230928093736.0
007 - CAMPO FIXO DE DESCRIÇÃO FÍSICA--INFORMAÇÃO GERAL
campo de controle de tamanho fixo ta
008 - CAMPO DE DADOS FIXOS--INFORMAÇÃO GERAL
campo de controle de tamanho fixo 230509b bl.||||| |||| 00| 0 por d
040 ## - FONTE DA CATALOGAÇÃO
Instituição da catalogação original BR-BrBNA
Idioma da catalogação por
Instituição que transcreveu o registro Biblioteca Nacional de Agricultura
041 ## - CÓDIGO DE IDIOMA
Código do idioma do texto/trilha sonora ou título diferente (Por)
072 ## - CÓDIGO DE CATEGORIA DE ASSUNTO
Código de Categoria de Assunto F01; L02
Código do objeto 1900
-- 5212
090 ## - NÚMERO DE CHAMADA LOCAL
-- 1900 BR9210889
100 1# - ENTRADA PRINCIPAL--NOME PESSOAL
Nome pessoal Sanchez, P.A.
100 1# - ENTRADA PRINCIPAL--NOME PESSOAL
Nome pessoal Tergas, L.E.
100 1# - ENTRADA PRINCIPAL--NOME PESSOAL
Nome pessoal Serrao, E.A.S.
110 1# - ENTRADA PRINCIPAL--NOME CORPORATIVO
Nome corporativo ou nome da jurisdição Centro Internacional de Agricultura Tropical, Cali (Colombia)
9 (RLIN) 1696
110 1# - ENTRADA PRINCIPAL--NOME CORPORATIVO
Nome corporativo ou nome da jurisdição Empresa Brasileira de Pesquisa Agropecuaria, Brasilia, DF (Brasil)
245 1# - TÍTULO
Título Producao de pastagens em solos acidos dos tropicos
260 3# - PUBLICAÇÃO, DISTRIBUIÇÃO, ETC.
Local de publicação, distribuição, etc. Brasilia, DF (Brasil):
Data da publicação, distribuição, etc. 1982.
300 ## - DESCRIÇÃO FÍSICA
Extensão 528 p.
650 ## - ASSUNTO--TERMO TÓPICO
Cabeçalho tópico ou nome geográfico Pastagem
650 ## - ASSUNTO--TERMO TÓPICO
Cabeçalho tópico ou nome geográfico Planta Forrageira
650 ## - ASSUNTO--TERMO TÓPICO
Cabeçalho tópico ou nome geográfico Adubacao
650 ## - ASSUNTO--TERMO TÓPICO
Cabeçalho tópico ou nome geográfico Semente
650 ## - ASSUNTO--TERMO TÓPICO
Cabeçalho tópico ou nome geográfico Bovino
650 ## - ASSUNTO--TERMO TÓPICO
Cabeçalho tópico ou nome geográfico Nutricao Animal
909 ## -
-- 202309
-- Lucia
-- 55
-- Lucia Elande
942 ## - ELEMENTOS DE ENTRADA ADICIONADOS (KOHA)
Tipo de material Koha Livros
Exemplares
Situação do descarte Fonte da classificação ou esquema de arquivamento na estante Situação física Não pode ser emprestado Coleção Biblioteca de origem Biblioteca atual Total de empréstimos Número de telefone completo Código de barras Data de último acesso Número do exemplar Tipo de material Koha Situação das perdas Data de aquisição Fonte de aquisição
  Classificação AGRIS       Biblioteca Nacional de Agricultura - Binagri Biblioteca Nacional de Agricultura - Binagri   1900 BR9210889 1900 BR9210889 25/09/2023 01 Livros   2023-09-25 Portaria Interministerial nº 164/94

BINAGRI

Telefone: (61)3218-2567/2388/3357/2097 - binagri@agro.gov.br

Ministério da Agricultura e Pecuária , Esplanada dos Ministérios, Bloco D, Anexo B, Brasília/DF, CEP: 70.043-900